| 000 | 00481nam a22001697a 4500 | ||
|---|---|---|---|
| 999 |
_c526629 _d526629 |
||
| 003 | NUST | ||
| 038 | _awaseem | ||
| 082 |
_a491.49109 _bHIJ |
||
| 100 |
_aHijazi, Qamar _917627 |
||
| 245 |
_aPunjabi da lisaniati mutaliya / _cQamar Hijazi |
||
| 260 |
_aLahore : _bBukhari Printing Press, _c2000. |
||
| 300 | _a284 p. ; | ||
| 500 | _aPapercover. | ||
| 880 |
_6100-01\r _aقمر حجازی |
||
| 880 |
_6245-02\r _aپنجابی دا لسانیاتی مطالعہ / |
||
| 942 |
_2ddc _cBK |
||